Guess Sleep Token songs by lyrics #3 - Statistics

General Stats
  • This quiz has been taken 287 times
  • The average score is 7 of 10
Answer Stats
Lyrics Song % Correct
But I finally think I can say That the vicious cycle was over The moment you smiled at me Rain
96%
Won't you come and dance in the dark with me? Show me what you are, I am desperate to know Nobody better than the perfect enemy Digital demons make the night feel heavenly Ascensionism
84%
The night belongs to you This bough has broken through I must be someone new Euclid
84%
And I hate the way you look At me when I am not understood 'Cause you can remember only when you're alone I am granting you more than the debt that I owe Higher
79%
And you remember everything Only till the sun recedes once again The Night Does Not Belong to God
75%
And I'm not here to be the saviour you long for Only the one you don't Are you watching me with eyes of a predator As you move towards the door? Jaws
73%
I woke up surrounded, eyes like frozen planets Just orbiting the vacuum I am They talk me through the damage, consequence And how it's a pain they know they don't understand Atlantic
70%
For the time being
I will admit my defeat again
I will accept that I can't pretend
We will ever be together
High Water
69%
My arms keep you in the room Barely let you move Show me what you do (Oh) Tonight, we're second-guessed again Let me wrap the chains Addicted to the pain Sugar
69%
And I swear she is not like any other, no Something more, more than I could ask for Distraction
51%
No matching quizzes found
Score Distribution
Percent of People with Each Score
Percentile by Number Answered
Your Score History
You have not taken this quiz